000 01487nkm a2200325 i 4500
001 4247
003 ES-MaACL
005 20250713062955.0
007 khrbo
008 070705s1988 sp --- g |001||spa d
100 0 _aAlfonso,
_d1902-1990
_919858
245 1 0 _aRepresentación del "Retablillo de Don Cristóbal" de Federico García Lorca [
_hFotografía] /
_cAlfonso (sello).
260 _a[S.l. :
_bs.n.],
_c1988.
300 _a8 fot. :
_bb. y n. ;
_c12 x 18 cm.
500 _aDatos basados en invitación.
511 0 _aInterviene: el grupo "Callejón del agua" formado por : Juan Manuel Sánchez-Cifuentes, Puchi Lagarde, Mercedes García, Vene Herrero, Nathalie Ronse, Carmen San Esteban; director: Jorge Mateus.
518 _aActo organizado por la Sección de Teatro del Ateneo de Madrid, celebrado en el salón de actos el lunes, 14 de marzo de 1988, a las 20:00 h.
600 1 4 _aSánchez-Cifuentes, Juan Manuel.
_9102548
600 1 4 _aLagarde, Puchi.
_969557
600 1 4 _aGarcía, Marcedes.
_954070
600 1 4 _aHerrero, Vene.
_963285
600 1 4 _aRonse, Nathalie.
_999518
600 1 4 _aSan Sebastián, Carmen.
_9102306
600 1 4 _aMateus, Jorge.
_979010
610 2 4 _aAteneo de Madrid-
_xActos culturales-
_y1988-
_vFotografías.
_91903
710 2 _aAteneo de Madrid.
_bSección de Teatro.
_92010
852 _aES-MaACL
_jFOT 61/1988
856 4 _uhttp://www.ateneodemadrid.net/biblioteca_digital/imagenes/1988/0061-1988.jpg
_zVer imagen
999 _c4247
_d4247